000 00407nam a2200145Ia 4500
008 230711s9999||||xx |||||||||||||| ||und||
041 _aENG
082 _a720
_bNE-B
100 _aNelson John A
245 0 _aBasic drafting for design (south western industrial arts series)
250 _a1st Ed.
260 _c1985
_aNew Delhi
_bPrentice-Hall of India Private Limited
650 _aArchitecture
942 _cBK
999 _c1235
_d1235